000 00980cam a2200277 a 4500
001 1100719
003 ARRUPE
005 20220510094050.0
008 921120r19921959enka b 001 0 eng
010 _a 92241375
020 _a041507892X (pbk.)
040 _aDLC
_cDLC
_dDLC
050 0 0 _aQ175
_b.P863 1992
082 0 0 _a501
_220
100 1 _aPopper, Karl R.
_q(Karl Raimund),
_d1902-1994.
240 1 0 _aLogik der Forschung.
_lEnglish
245 1 4 _aThe logic of scientific discovery /
_cby Karl R. Popper.
260 _aLondon ;
_aNew York :
_bRoutledge,
_c1992.
300 _a479 p. :
_bill. ;
_c24 cm.
500 _aOriginally published: New York : Basic Books, 1959.
504 _aIncludes bibliographical references and indexes.
650 0 _aScience
_xMethodology.
906 _a7
_bcbc
_corignew
_d2
_encip
_f19
_gy-gencatlg
942 _2lcc
_cMONOGRAPH
999 _c131392
_d131392